Piłka nożna - Barcelona - nagła śmierć #2 - Statystyki

Ogólne statystyki
  • Ten quiz został rozwiązany 1 898 razy
  • Średni wynik to 9 z 28
Answers on the Grid
Answers color-coded by a green-red scale on the quiz's grid according to % correct below.
Marc-Andre ter Stegen
Inaki Pena
Wojciech Szczęsny
Pau Cubarsi
Jules Kounde
Alejandro Balde
Ronald Araujo
Eric Garcia
Andreas Christensen
Gerard Martin
Hector Fort
Inigo Martinez
Sergi Dominguez
Pedri
Gavi
Dani Olmo
Fermin Lopez
Frenkie de Jong
Marc Casado
Pablo Torre
Marc Bernal
Lamine Yamal
Raphinha
Ferran Torres
Robert Lewandowski
Ansu Fati
Pau Victor
Toni Rodriguez
Jordi Alba
Lionel Messi
Nico Williams
Clement Lenglet
Luis Suarez
Sergi Roberto
Sergino Dest
Memphis Depay
Samuel Umtiti
Gonzalo Garcia
Raul Asencio
Achraf Hakimi
Dean Huijsen
Yeremy Pino
Sergio Busquets
Lucas Vazquez
Xavi Siimons
Joao Felix
Joao Cancelo
Ilkay Gundogan
 
Statystyki odpowiedzi
Odpowiedź % Poprawnych
Gavi
40%
Lamine Yamal
39%
Robert Lewandowski
38%
Wojciech Szczęsny
38%
Pau Cubarsi
37%
Raphinha
37%
Eric Garcia
36%
Ferran Torres
36%
Jules Kounde
36%
Marc-Andre ter Stegen
36%
Pedri
36%
Dani Olmo
35%
Fermin Lopez
35%
Frenkie de Jong
35%
Inaki Pena
35%
Alejandro Balde
34%
Ronald Araujo
34%
Andreas Christensen
33%
Gerard Martin
31%
Inigo Martinez
31%
Marc Casado
30%
Ansu Fati
29%
Marc Bernal
29%
Pau Victor
29%
Hector Fort
28%
Pablo Torre
27%
Toni Rodriguez
15%
Sergi Dominguez
14%
Nie znaleziono quizów pasujących do podanych kryteriów
Rozkład punktacji
Procent ludzi z każdym wynikiem
Percentyl według liczby udzielonych odpowiedzi
Twoja historia wyników
Nie rozwiązałeś tego quizu